La imputabilidad criminal y las causas que la excluyen ó la modifican / (Record no. 167431)

MARC details
000 -LEADER
campo de control de longitud fija 00714nam a22001935i 4500
001 - NÚMERO DE CONTROL
campo de control 167431
003 - IDENTIFICADOR DE NÚMERO DE CONTROL
campo de control ES-MaACL
005 - FECHA Y HORA DE LA ÚLTIMA TRANSACCIÓN
campo de control 20250809034613.0
008 - DATOS DE LONGITUD FIJA--INFORMACIÓN GENERAL
campo de control de longitud fija 050927s1891 sp | |||||||| ||spa d
040 ## - FUENTE DE CATALOGACIÓN
Centro catalogador/agencia de origen CAM
Lengua de catalogación spa
Centro/agencia transcriptor CAM
100 1# - ENTRADA PRINCIPAL--NOMBRE DE PERSONA
Nombre de persona Vida Vilches, Jerónimo,
Fechas asociadas al nombre 1858-1915
9 (RLIN) 114411
245 13 - MENCIÓN DEL TÍTULO
Título La imputabilidad criminal y las causas que la excluyen ó la modifican /
Mención de responsabilidad, etc. por Jerónimo Vida.
250 ## - MENCION DE EDICION
Mención de edición 2ª ed.
260 ## - PUBLICACIÓN, DISTRIBUCIÓN, ETC.
Lugar de publicación, distribución, etc. Salamanca :
Nombre del editor, distribuidor, etc. [s.n.],
Fecha de publicación, distribución, etc. 1891 (
Fabricante Imprenta de Jacinto Hidalgo)
300 ## - DESCRIPCIÓN FÍSICA
Extensión 149 p. ;
Dimensiones 19 cm.
650 #7 - PUNTO DE ACCESO ADICIONAL DE MATERIA--TÉRMINO DE MATERIA
Término de materia o nombre geográfico como elemento de entrada Derecho penal
Fuente del encabezamiento o término embne
9 (RLIN) 11749
852 ## - LOCALIZACIÓN
Ubicación ES-MaACL
Número de control de estantería T-589-F-2
Nota libre -- Enc. hol., conservando la enc. original
-- -- Enc. en un vol. facticio
Holdings
Estatus retirado Estado de pérdida Estado de daño No para préstamo Colección Biblioteca de origen Biblioteca actual Ubicación en estantería Fecha de adquisición Total de préstamos Signatura topográfica completa Código de barras Visto por última vez Precio de reemplazo Tipo de ítem Koha
        Colección de folletos Biblioteca del Ateneo de Madrid Biblioteca del Ateneo de Madrid Depósito folletos 17/01/2008   T-589-F-2 1175643 23/02/2023 23/02/2023 Folleto